<?xml version="1.0" encoding="UTF-8"?>
<record
    xmlns:xsi="http://www.w3.org/2001/XMLSchema-instance"
    xsi:schemaLocation="http://www.loc.gov/MARC21/slim http://www.loc.gov/standards/marcxml/schema/MARC21slim.xsd"
    xmlns="http://www.loc.gov/MARC21/slim">

  <leader>00816nam a22002177a 4500</leader>
  <controlfield tag="005">20221215125239.0</controlfield>
  <controlfield tag="008">221214b           ||||| |||| 00| 0 eng d</controlfield>
  <datafield tag="020" ind1=" " ind2=" ">
    <subfield code="a">9788195680719</subfield>
  </datafield>
  <datafield tag="040" ind1=" " ind2=" ">
    <subfield code="c">AL</subfield>
  </datafield>
  <datafield tag="041" ind1=" " ind2=" ">
    <subfield code="a">Kannada</subfield>
  </datafield>
  <datafield tag="082" ind1=" " ind2=" ">
    <subfield code="2">23</subfield>
    <subfield code="a">954.871K</subfield>
    <subfield code="b">MOHP</subfield>
  </datafield>
  <datafield tag="100" ind1=" " ind2=" ">
    <subfield code="a">N G Mohan &#xC8E;&#xCA8;&#xCCD; &#xC9C;&#xCBF; &#xCAE;&#xCCB;&#xCB9;&#xCA8;&#xCCD; </subfield>
    <subfield code="9">66151</subfield>
  </datafield>
  <datafield tag="245" ind1=" " ind2=" ">
    <subfield code="a">Pilikula:karavali samskrutiya kai gannadi &#xCAA;&#xCBF;&#xCB2;&#xCBF;&#xC95;&#xCC1;&#xCB3; :&#xC95;&#xCB0;&#xCBE;&#xCB5;&#xCB3;&#xCBF; &#xCB8;&#xC82;&#xCB8;&#xCCD;&#xC95;&#xCC3;&#xCA4;&#xCBF;&#xCAF; &#xC95;&#xCC8;&#xC97;&#xCA8;&#xCCD;&#xCA8;&#xCA1;&#xCBF; </subfield>
  </datafield>
  <datafield tag="260" ind1=" " ind2=" ">
    <subfield code="a">Mangaluru &#xCAE;&#xC82;&#xC97;&#xCB3;&#xCC2;&#xCB0;&#xCC1; </subfield>
    <subfield code="b">St Aloysious Prakashana &#xCB8;&#xC82;&#xCA4; &#xC85;&#xCB2;&#xCCB;&#xCB6;&#xCBF;&#xCAF;&#xCB8;&#xCCD; &#xCAA;&#xCCD;&#xCB0;&#xC95;&#xCBE;&#xCB6;&#xCA8; </subfield>
    <subfield code="c">2022</subfield>
  </datafield>
  <datafield tag="300" ind1=" " ind2=" ">
    <subfield code="a">108 p.</subfield>
    <subfield code="b">PB</subfield>
    <subfield code="c">18x18 cm.</subfield>
  </datafield>
  <datafield tag="365" ind1=" " ind2=" ">
    <subfield code="c">&#x20B9;</subfield>
    <subfield code="d">&#x20B9;400.00</subfield>
  </datafield>
  <datafield tag="650" ind1=" " ind2=" ">
    <subfield code="a">pilikula</subfield>
    <subfield code="9">66026</subfield>
  </datafield>
  <datafield tag="650" ind1=" " ind2=" ">
    <subfield code="a">Pilikula Natural Sancturay</subfield>
    <subfield code="9">66152</subfield>
  </datafield>
  <datafield tag="700" ind1=" " ind2=" ">
    <subfield code="a">MOHAN (N G)</subfield>
    <subfield code="9">66027</subfield>
  </datafield>
  <datafield tag="942" ind1=" " ind2=" ">
    <subfield code="2">ddc</subfield>
    <subfield code="c">DB</subfield>
  </datafield>
  <datafield tag="999" ind1=" " ind2=" ">
    <subfield code="c">225746</subfield>
    <subfield code="d">225746</subfield>
  </datafield>
  <datafield tag="952" ind1=" " ind2=" ">
    <subfield code="0">0</subfield>
    <subfield code="1">0</subfield>
    <subfield code="2">ddc</subfield>
    <subfield code="4">0</subfield>
    <subfield code="7">0</subfield>
    <subfield code="8">HIS</subfield>
    <subfield code="a">AL</subfield>
    <subfield code="b">AL</subfield>
    <subfield code="d">2022-12-14</subfield>
    <subfield code="l">0</subfield>
    <subfield code="o">954.871K MOHP</subfield>
    <subfield code="p">D04845</subfield>
    <subfield code="r">2022-12-14 00:00:00</subfield>
    <subfield code="v">400.00</subfield>
    <subfield code="w">2022-12-14</subfield>
    <subfield code="y">DB</subfield>
    <subfield code="z">Donated by St Aloysius Prakashana</subfield>
  </datafield>
  <datafield tag="952" ind1=" " ind2=" ">
    <subfield code="0">0</subfield>
    <subfield code="1">0</subfield>
    <subfield code="2">ddc</subfield>
    <subfield code="4">0</subfield>
    <subfield code="7">0</subfield>
    <subfield code="8">HIS</subfield>
    <subfield code="a">AL</subfield>
    <subfield code="b">AL</subfield>
    <subfield code="d">2022-12-14</subfield>
    <subfield code="l">0</subfield>
    <subfield code="o">954.871K MOHP</subfield>
    <subfield code="p">D04846</subfield>
    <subfield code="r">2022-12-14 00:00:00</subfield>
    <subfield code="v">400.00</subfield>
    <subfield code="w">2022-12-14</subfield>
    <subfield code="y">DB</subfield>
    <subfield code="z">Donated by St Aloysius Prakashana</subfield>
  </datafield>
  <datafield tag="952" ind1=" " ind2=" ">
    <subfield code="0">0</subfield>
    <subfield code="1">0</subfield>
    <subfield code="2">ddc</subfield>
    <subfield code="4">0</subfield>
    <subfield code="7">0</subfield>
    <subfield code="8">HIS</subfield>
    <subfield code="a">AL</subfield>
    <subfield code="b">AL</subfield>
    <subfield code="d">2022-12-14</subfield>
    <subfield code="l">2</subfield>
    <subfield code="o">954.871K MOHP</subfield>
    <subfield code="p">D04847</subfield>
    <subfield code="r">2025-02-17 00:00:00</subfield>
    <subfield code="s">2025-02-14</subfield>
    <subfield code="v">400.00</subfield>
    <subfield code="w">2022-12-14</subfield>
    <subfield code="y">DB</subfield>
    <subfield code="z">Donated by St Aloysius Prakashana</subfield>
  </datafield>
  <datafield tag="952" ind1=" " ind2=" ">
    <subfield code="0">0</subfield>
    <subfield code="1">0</subfield>
    <subfield code="2">ddc</subfield>
    <subfield code="4">0</subfield>
    <subfield code="7">0</subfield>
    <subfield code="8">HIS</subfield>
    <subfield code="a">AL</subfield>
    <subfield code="b">AL</subfield>
    <subfield code="d">2022-12-14</subfield>
    <subfield code="l">1</subfield>
    <subfield code="o">954.871K MOHP</subfield>
    <subfield code="p">D04848</subfield>
    <subfield code="r">2025-05-31 10:43:18</subfield>
    <subfield code="s">2025-05-30</subfield>
    <subfield code="v">400.00</subfield>
    <subfield code="w">2022-12-14</subfield>
    <subfield code="y">DB</subfield>
    <subfield code="z">Donated by St Aloysius Prakashana</subfield>
  </datafield>
  <datafield tag="952" ind1=" " ind2=" ">
    <subfield code="0">0</subfield>
    <subfield code="1">0</subfield>
    <subfield code="2">ddc</subfield>
    <subfield code="4">0</subfield>
    <subfield code="7">0</subfield>
    <subfield code="8">HIS</subfield>
    <subfield code="a">AL</subfield>
    <subfield code="b">AL</subfield>
    <subfield code="d">2022-12-14</subfield>
    <subfield code="l">2</subfield>
    <subfield code="o">954.871K MOHP</subfield>
    <subfield code="p">D04849</subfield>
    <subfield code="r">2023-01-05 00:00:00</subfield>
    <subfield code="s">2022-12-16</subfield>
    <subfield code="v">400.00</subfield>
    <subfield code="w">2022-12-14</subfield>
    <subfield code="y">DB</subfield>
    <subfield code="z">Donated by St Aloysius Prakashana</subfield>
  </datafield>
</record>
